Annotated bibliography of vitamin E. in swine nutrition

Guardado en:
Detalles Bibliográficos
Autores Corporativos: Eastman Kodak Company, Distillation Products Industries
Formato: Libro
Lenguaje:Undetermined
Publicado: Rochester, New York 1954
Materias:
Etiquetas: Agregar Etiqueta
Sin Etiquetas, Sea el primero en etiquetar este registro!
Thư viện lưu trữ: Trung tâm Học liệu Trường Đại học Cần Thơ
LEADER 00600nam a2200181Ia 4500
001 CTU_126322
008 210402s9999 xx 000 0 und d
082 |a 619.9 
082 |b E13 
110 |a Eastman Kodak Company 
110 |b Distillation Products Industries 
245 0 |a Annotated bibliography of vitamin E. in swine nutrition 
260 |a Rochester, New York 
260 |c 1954 
650 |a Vitamins,Swine,Vitamin E in animal nutrition,Swine 
650 |x Bibliography,Feeding and feeds,Feeding and feeds 
904 |i Nguyên 
980 |a Trung tâm Học liệu Trường Đại học Cần Thơ